| Поле | Инд. | ПП | Название | Значение |
|---|---|---|---|---|
| Тип записи | a | |||
| Библиографический уровень | m | |||
| 001 | Контрольный номер | f4d2cb11-d660-11d9-b763-0008a11c53a8 | ||
| 005 | Дата корректировки | 20140703135700.6 | ||
| 008 | Кодируемые данные | 050606 | ||
| 020 | a | ISBN | 5-9221-0565-5 | |
| c | Цена, тираж | 180.00 | ||
| 040 | a | Служба первич. каталог. | НБ ТвГУ | |
| 041 | a | Код языка текста | rus | |
| 080 | a | Индекс УДК | 517.962 | |
| 084 | a | Индекс другой классификации/Индекс ББК | В192.1 | |
| 090 | a | Полочн. индекс | В192.1 | |
| x | Авторский знак | В94 | ||
| 245 | 00 | a | Заглавие | Вычисления на квазиравномерных сетках |
| 260 | 0_ | a | Место издания | Москва |
| b | Издательство | Физматлит | ||
| c | Дата издания | 2005 | ||
| 300 | a | Объем | 223 с. | |
| b | Иллюстрации/ тип воспроизводства | ил. | ||
| 504 | a | Библиография | Библиогр.: с. 217-223 | |
| 583 | a | Действие | Получение впервые 171 03.06.2005 | |
| k | Исполнитель действия | ООО "Книжный мир" | ||
| 583 | a | Действие | Приписка 191 22.06.2005 | |
| k | Исполнитель действия | Дар РГГУ | ||
| 583 | a | Действие | Приписка 63 26.02.2006 | |
| k | Исполнитель действия | Дар РГГУ | ||
| 650 | a | Основная рубрика | Вычислительная математика | |
| 650 | a | Основная рубрика | Сеток метод | |
| 653 | a | Ключевые слова | Вычислительная математика | |
| a | Ключевые слова | Квазиравномерные сетки | ||
| a | Ключевые слова | Метод сеток | ||
| a | Ключевые слова | Сетки (мат.) | ||
| 700 | 1_ | a | Другие авторы | Калиткин Николай Николаевич |
| q | Полное имя | Калиткин, Н. Н. | ||
| 700 | 1_ | a | Другие авторы | Альшин Александр Борисович |
| q | Полное имя | Альшин, А. Б. | ||
| 700 | 1_ | a | Другие авторы | Альшина Елена Александровна |
| q | Полное имя | Альшина, Е. А. | ||
| 700 | 1_ | a | Другие авторы | Рогов Борис Вадимович |
| q | Полное имя | Рогов, Б. В. | ||
| 863 | t | 00073310 | ||
| 863 | t | 00072099 | ||
| 863 | t | 00072100 | ||
| 863 | t | 00112545 | ||
| 888 | a | За счет средств университета | ||
| 901 | t | Тип документа | m | |
| 952 | p | 171.2005 180.00 1 808883 | ||
| p | 191.2005 50.00 1 810624 | |||
| p | 191.2005 50.00 1 810625 | |||
| p | 63.2006 60.00 1 834757 | |||
| c | Вид литературы | К рн | ||
| 954 | a | Дата поступления на обработку | 20050928 |